Lễ hội dân gian truyền thống Ấn Độ /

Đã lưu trong:
Sonraí Bibleagrafaíochta
Príomhúdar: Bùi Thị Ánh Vân.
Údair Eile: Nguyễn Thị Kim Chi
Formáid: Bài viết
Teanga:Vietnamese
Ábhair:
Clibeanna: Cuir Clib Leis
Gan Chlibeanna, Bí ar an gcéad duine leis an taifead seo a chlibeáil!
Thư viện lưu trữ: Thư viện Trường Đại học Đà Lạt
LEADER 00824nam a2200277 4500
001 DLU170179672
005 ##20170413
040 # # |a DLU  |b vie 
041 # # |a vie 
044 # # |a vn 
100 # # |a Bùi Thị Ánh Vân. 
245 # # |a Lễ hội dân gian truyền thống Ấn Độ /  |c Bùi Thị Ánh Vân, Nguyễn Thị Kim Chi. 
653 # # |a Dân gian 
653 # # |a Lễ hội 
653 # # |a Truyền thống 
700 # # |a Nguyễn Thị Kim Chi 
773 # # |t Tạp chí Văn hóa nghệ thuật  |g Số 336, tháng 6-2012, tr.66-70 
920 # # |a Phòng Tạp chí -- Trung tâm Thông tin - Thư viện Trường Đại học Đà Lạt 
994 # # |a DLU 
900 # # |a True 
911 # # |a Trần Thị Minh Hương 
925 # # |a G 
926 # # |a A 
927 # # |a BB 
980 # # |a Thư viện Trường Đại học Đà Lạt